000 00276nam a2200121Ia 4500
008 211105s9999 xx 000 0 und d
020 _aVYASA04859
100 _aDigambaraji Swami
245 0 _aHathapradipika
250 _a\N
260 _bK.S.M.Y.M Samiti
_c\N
300 _a242
999 _c10493
_d10493